MARC

LEADER 00000nas a2200000 a 4500
001 ssj0004323
003 WaSeSS
005 20200512172242.0
006 m d
007 cr n
008 970403d19972000nyubr p s 0 a0eng c
010 |a sn 97001585  
016 7 |a 9711568  |2 DNLM 
016 7 |a SR0091270  |2 DNLM 
022 |l 1093-4545  |y 1093-4545 
035 |a (WaSeSS)ssj0004323 
037 |b Prometheus Books, 59 John Glenn Dr., Amherst, NY 14228-2197  |c $50.00 (institution) 
040 |a NSD  |b eng  |c NSD  |d NLM  |d NSD  |d AGL  |d EBZ  |d OCL  |d OCLCQ  |d TJC  |d OCLCQ  |d OCLCF  |d OCLCO  |d EUW  |d OCLCO  |d OCLCQ  |d OCLCO  |d OCLCQ  |d OCLCO  |d WaSeSS 
042 |a pcc  |a nsdp 
060 0 0 |a W1  |b NU8856 
070 0 |a TX341.N877 
072 0 |a T300 
082 1 0 |a 613  |2 13 
130 0 |a Nutrition forum (Amherst, N.Y.) 
210 0 |a Nutr. forum  |b (Amherst N.Y.) 
222 0 |a Nutrition forum  |b (Amherst, N.Y.) 
245 1 0 |a Nutrition forum  |h [electronic resource]. 
260 |a Amherst, N.Y. :  |b Prometheus Books,  |c ©1997- 
310 |a Bimonthly 
362 0 |a Vol. 14, no. 2 (Mar./Apr. 1997)- 
362 1 |a Ceased with v. 17, no. 4 (July 2000). 
500 |a Title from caption. 
506 |a License restrictions may limit access. 
588 |a Latest issue consulted: Vol. 15, no. 5 (Sept./Oct. 1997). 
650 0 |a Nutrition  |v Periodicals. 
650 0 |a Dietary supplements  |v Periodicals. 
650 0 |a Diet therapy  |v Periodicals. 
650 0 2 |a Diet Therapy. 
650 0 2 |a Food, Fortified. 
650 0 2 |a Nutrition Physiology. 
650 7 |a Diet therapy.  |2 fast  |0 (OCoLC)fst00893321 
650 7 |a Dietary supplements.  |2 fast  |0 (OCoLC)fst00893336 
650 7 |a Nutrition.  |2 fast  |0 (OCoLC)fst01042187 
655 0 |a Electronic journals. 
780 0 0 |t Nutrition & health forum  |x 1091-2428  |w (DLC)sn 96004715  |w (OCoLC)35708163 
850 |a DNAL  |a DNLM 
856 4 0 |z Full text available from Research Library: 09/01/1997 to 07/31/2000  |u https://search.proquest.com/publication/30638